Language Quiz

Random Language Quiz

Misnomers Quiz Stats

 Plays Quiz not verified by Sporcle

Also try: The Only Vowel
Challenge
Share
Tweet
Embed
Score 0/10 Timer 04:00
0 Plays Today
misnomer actually % Correct
A tomato is not a vegetable it's afruit
99.4%
It is not lead in a pencil butgraphite
81.5%
A guinea pig is not a pig it's arodent
80.9%
A koala bear is not a bear it's amarsupial
72%
The funny bone is not a bone it's anerve
63.1%
A bearcat is not a bear or a cat but abinturong
59.9%
the peanut is not a nut it's alegume
58%
A horney toad is not a toad it's alizard
50.3%
Head cheese is not a cheese it's ameat
38.2%
A titmouse is not a mouse but abird
26.1%

You're not logged in!

Compare scores with friends on all Sporcle quizzes.
Join for Free
OR
Log In

You Might Also Like...

Show Comments

Extras

Created Aug 5, 2010ReportNominate

Top Quizzes Today


Score Distribution

Your Account Isn't Verified!

In order to create a playlist on Sporcle, you need to verify the email address you used during registration. Go to your Sporcle Settings to finish the process.

Report this User

Report this user for behavior that violates our Community Guidelines.

Details: